Implementation of turbo codes in interleave division multiple access (IDMA) systems using unequal power allocation/ (Record no. 182289)

000 -LEADER
fixed length control field 00876 a2200193 4500
003 - CONTROL NUMBER IDENTIFIER
control field NUST
005 - DATE AND TIME OF LATEST TRANSACTION
control field 20251121144650.0
040 ## - CATALOGING SOURCE
Transcribing agency Nust
082 ## - DEWEY DECIMAL CLASSIFICATION NUMBER
Classification number 621.382,KHA
100 ## - MAIN ENTRY--PERSONAL NAME
Personal name Khan , NC Raheel (TCC-17)
9 (RLIN) 131983
245 ## - TITLE STATEMENT
Title Implementation of turbo codes in interleave division multiple access (IDMA) systems using unequal power allocation/
Statement of responsibility, etc. NC Raheel Khan, NC Rida Naveed, PC Tanveer Mujtaba Zaidi and NC Syed Nabeel Zaidi
260 ## - PUBLICATION, DISTRIBUTION, ETC.
Place of publication, distribution, etc. Rawalpindi
Name of publisher, distributor, etc. MCS (NUST)
Date of publication, distribution, etc. 2009
300 ## - PHYSICAL DESCRIPTION
Extent 64 p.;
505 ## - FORMATTED CONTENTS NOTE
Formatted contents note Introduction (Page-1), Turbo Codes (Page-5), Interleave Division Multiple Access (IDMA) (Page-30), Interleaver Design (Page-37), Simulation Results (Page-46), Future Work and Conclusion (Page-60), References (Page-64).
650 ## - SUBJECT ADDED ENTRY--TOPICAL TERM
Topical term or geographic name entry element UG Projects
9 (RLIN) 98716
651 ## - SUBJECT ADDED ENTRY--GEOGRAPHIC NAME
Geographic name TCC-17A
9 (RLIN) 131971
700 ## - ADDED ENTRY--PERSONAL NAME
Personal name Supervised by Asst Prof Imtiaz Ahmed
9 (RLIN) 131984
942 ## - ADDED ENTRY ELEMENTS (KOHA)
Koha item type Project Report
Source of classification or shelving scheme
Holdings
Withdrawn status Lost status Source of classification or shelving scheme Damaged status Not for loan Permanent Location Current Location Shelving location Date acquired Full call number Barcode Date last seen Price effective from Koha item type Public note
          Military College of Signals (MCS) Military College of Signals (MCS) Reference 12/12/2016 621.382,KHA MCSPTC-107 12/08/2016 12/12/2016 Project Report Almirah No.64, Shelf No.2
© 2023 Central Library, National University of Sciences and Technology. All Rights Reserved.